000 00690cam a22002533a 4500
001 24858
003 PGUSA
005 20140828083532.0
008 080317s2008||||xxu|||||s|||||000 | eng d
040 _aPGUSA
_beng
042 _adc
050 4 _aPZ
050 4 _aSF
100 1 _aBassett, Sara Ware,
_d1872-1968
245 1 4 _aThe Story of Wool
_h[electronic resource] /
_cSara Ware Bassett
260 _bProject Gutenberg,
_c2008
506 _aPublic domain in the USA.
516 _aElectronic text
653 _aSheep -- Juvenile literature
700 1 _aOtis, Elizabeth
830 0 _aProject Gutenberg
_v24858
856 4 0 _uhttp://www.gutenberg.org/ebooks/24858
942 _cEB
999 _c254113
_d254113